| 000 | 00870cam a22003135a 4500 | ||
|---|---|---|---|
| 001 | 16094700 | ||
| 003 | OSt | ||
| 005 | 20140310182751.0 | ||
| 008 | 100217s2010 cau 000 0 eng | ||
| 010 | _a 2010922884 | ||
| 020 | _a9781412922258 | ||
| 020 | _a9781412922265 | ||
| 040 |
_aDLC _cDLC |
||
| 042 | _apcc | ||
| 050 |
_aLB 2394 _b.H517 2011 |
||
| 082 |
_aM 300.72 _bH517 2011 |
||
| 100 | 1 | _aHennink, Monique. | |
| 245 | 1 | 0 |
_aQualitative research methods _cHennink, Monique, Hutter, Inge, Bailey, Ajay |
| 260 |
_aThousand Oaks, C.A. _bSAGE Publications _c2011 |
||
| 263 | _a1012 | ||
| 300 |
_a303 p. _c23.1 cm. |
||
| 521 | _aCollege students | ||
| 526 | _c1210L-1700L | ||
| 541 | _j1 | ||
| 562 | _e1 | ||
| 906 |
_a0 _bibc _corignew _d2 _eepcn _f20 _gy-gencatlg |
||
| 942 |
_2lcc _cBK _kM |
||
| 999 |
_c15753 _d15753 |
||